00682nab a2200205 uc450000100070000000500170000700800410002403500110006503500210007604000130009704100080011010000380011824500480015665000260020465000400023065000270027065000380029770000450033577300960038056746320240921090728.0991125e19980901 spa  a567463 a(OCoLC)819820468 ccomduadb aspa10aAlzate Gómez, Alfonso4auteaut10aDiseño de sistemas uzzy con entrenamiento aControladores difusos 7aRedes neurales (Computadores)2lemb aGradiente de potencial aSistemas eléctricos de potencia10aCataño Villarreal, Heliodoro4auteaut0 tScientia Et Technica (Pereira)gVol. 04, No. 08, Sep. 1998, p. 79w205375x0122-1701084632